书目信息 |
| 题名: |
敦煌的光彩
|
|
| 作者: | 常书鸿 , 池田大作 , 池田大作 , 常书鸿 著 | |
| 分册: | ||
| 出版信息: | 北京 人民日报出版社 2011.03 |
|
| 页数: | 216页, [28] 页图版 | |
| 开本: | 24cm | |
| 丛书名: | 我的历史就是中国历史 | |
| 单 册: | ||
| 中图分类: | K870.6 | |
| 科图分类: | ||
| 主题词: | 敦煌学--dun huang xue--研究 | |
| 电子资源: | ||
| ISBN: | 978-7-5115-0151-6 | |
| 000 | 01157nam 2200289 450 | |
| 001 | 2374844473 | |
| 005 | 20231126204737.93 | |
| 010 | @a978-7-5115-0151-6@dCNY48.00@z7-5115-0151-6 | |
| 100 | @a20110406d2011 em y0chiy50 ea | |
| 101 | 0 | @achi |
| 102 | @aCN@b110000 | |
| 105 | @aaf z 000yy | |
| 200 | 1 | @a敦煌的光彩@Adun huang de guang cai@e常书鸿、池田大作对谈录@f常书鸿,池田大作著 |
| 210 | @a北京@c人民日报出版社@d2011.03 | |
| 215 | @a216页, [28] 页图版@c图@d24cm | |
| 225 | 2 | @a我的历史就是中国历史@Awo de li shi jiu shi zhong guo li shi@i人民日报名家长篇对谈录系列 |
| 330 | @a本书主要内容包括: 丝绸之路上的宝石 ; 寻求永恒的存在 ; 人类闪光的遗产 ; 美与创造的世界 ; 万代友好的纽带 ; 附录。 | |
| 410 | 0 | @12001 @a我的历史就是中国历史@i人民日报名家长篇对谈录系列 |
| 517 | 1 | @a常书鸿、池田大作对谈录@Achang shu hong、chi tian da zuo dui tan lu |
| 606 | 0 | @a敦煌学@Adun huang xue@x研究 |
| 690 | @aK870.6@v4 | |
| 701 | 0 | @a常书鸿@Achang shu hong@4著 |
| 701 | 0 | @a池田大作@Achi tian da zuo@4著 |
| 701 | 0 | @a池田大作@Achi tian da zuo@4著 |
| 701 | 0 | @a常书鸿@Achang shu hong@4著 |
| 801 | 0 | @aCN@bRENTIAN@c20110406 |
| 905 | @aBZT@dK870.6@e5 | |
| 敦煌的光彩:常书鸿、池田大作对谈录/常书鸿,池田大作著.-北京:人民日报出版社,2011.03 |
| 216页, [28] 页图版:图;24cm.-(我的历史就是中国历史.人民日报名家长篇对谈录系列) |
| ISBN 978-7-5115-0151-6:CNY48.00 |
| 本书主要内容包括: 丝绸之路上的宝石 ; 寻求永恒的存在 ; 人类闪光的遗产 ; 美与创造的世界 ; 万代友好的纽带 ; 附录。 |
| ● |
| 相关链接 |
|
|
|
正题名:敦煌的光彩
索取号:K870.6/5
 
预约/预借
| 序号 | 登录号 | 条形码 | 馆藏地/架位号 | 状态 | 备注 |
| 1 | 2001115227 | 2001115227 | 515书库/ [索取号:K870.6/5] | 在馆 | |
| 2 | 2001115228 | 2001115228 | 515书库/ [索取号:K870.6/5] | 在馆 | |
| 3 | 2001115229 | 2001115229 | 515书库/ [索取号:K870.6/5] | 在馆 | |
| 4 | 2001115230 | 2001115230 | 515书库/ [索取号:K870.6/5] | 在馆 | |
| 5 | 2001115231 | 2001115231 | 515书库/ [索取号:K870.6/5] | 在馆 | |
| 6 | 2001115232 | 2001115232 | 515书库/ [索取号:K870.6/5] | 在馆 | |
| 7 | 2001115233 | 2001115233 | 515书库/ [索取号:K870.6/5] | 在馆 | |
| 8 | 2001115234 | 2001115234 | 515书库/ [索取号:K870.6/5] | 在馆 | |
| 9 | 2001115235 | 2001115235 | 515书库/ [索取号:K870.6/5] | 在馆 | |
| 10 | 2001115236 | 2001115236 | 515书库/ [索取号:K870.6/5] | 在馆 | |
| 11 | 2001115237 | 2001115237 | 515书库/ [索取号:K870.6/5] | 在馆 | |
| 12 | 2001115238 | 2001115238 | 515书库/ [索取号:K870.6/5] | 在馆 | |
| 13 | 2001115239 | 2001115239 | 515书库/ [索取号:K870.6/5] | 在馆 | |
| 14 | 2001115240 | 2001115240 | 515书库/ [索取号:K870.6/5] | 在馆 | |
| 15 | 2001115241 | 2001115241 | 515书库/ [索取号:K870.6/5] | 在馆 | |
| 16 | 2001115242 | 2001115242 | 共建书房-化工学院/ [索取号:K870.6/5] | 在馆 | |
| 17 | 2001115243 | 2001115243 | 共建书房-化工学院/ [索取号:K870.6/5] | 在馆 | |
| 18 | 2001115244 | 2001115244 | 共建书房-化工学院/ [索取号:K870.6/5] | 在馆 | |
| 19 | 2001115245 | 2001115245 | 共建书房-化工学院/ [索取号:K870.6/5] | 在馆 | |
| 20 | 2001115246 | 2001115246 | 共建书房-化工学院/ [索取号:K870.6/5] | 在馆 | |
| 21 | 2001115247 | 2001115247 | 共建书房-化工学院/ [索取号:K870.6/5] | 在馆 | |
| 22 | 2001115248 | 2001115248 | 515书库/ [索取号:K870.6/5] | 在馆 | |
| 23 | 2001115249 | 2001115249 | 共建书房-化工学院/ [索取号:K870.6/5] | 在馆 | |
| 24 | 2001115250 | 2001115250 | 515书库/ [索取号:K870.6/5] | 在馆 | |
| 25 | 2001115251 | 2001115251 | 515书库/ [索取号:K870.6/5] | 在馆 | |
| 26 | 2001115252 | 2001115252 | 515书库/ [索取号:K870.6/5] | 在馆 | |
| 27 | 2001115253 | 2001115253 | 515书库/ [索取号:K870.6/5] | 在馆 | |
| 28 | 2001115254 | 2001115254 | 515书库/ [索取号:K870.6/5] | 在馆 | |
| 29 | 2001115255 | 2001115255 | 515书库/ [索取号:K870.6/5] | 在馆 | |
| 30 | 2001115256 | 2001115256 | 515书库/ [索取号:K870.6/5] | 在馆 |